Logo BPK

Biblioteka

Politechniki Koszalińskiej

Bezpieczeństwo maszyn [Dokument elektroniczny] : (Rekord nr 24017)

Szczegóły MARC
000 -ETYKIETA REKORDU
podpole kontrolne o stałej długości 01433nam a2200289 i 4500
001 - NUMER KONTROLNY REKORDU
pole kontrolne bg
020 ## - MIĘDZYNARODOWY ZNORMALIZOWANY NUMER KSIĄŻKI - ISBN
ISBN 8386629983
040 ## - ŹRÓDŁO KATALOGOWANIA
Instytucja, która utworzyła rekord BPK
041 0# - KOD JĘZYKA
Kod języka tekstu pl
080 ## - UNIWERSALNA KLASYFIKACJA DZIESIĘTNA - UKD
UKD 621:006.3/.8
920 ## - Międzynarodowy znormalizowany numer książki – ISBN
ISBN 83-86629-98-3
008 - POLE O STAŁEJ DŁUGOŚCI - DANE KONTROLNE
podpole kontrolne o stałej długości s pl f |000 0 pol
245 00 - TYTUŁ/ODPOWIEDZIALNOŚĆ
Tytuł Bezpieczeństwo maszyn [Dokument elektroniczny] :
Ciąg dalszy tytułu dyrektywa 98/37/WE /
Pozostałe elementy strefy tytułu i oznaczenia odpowiedzialności przygot. plików PDF Jarosław Dobosz, Stanisław Romański ; Polski Komitet Normalizacyjny.
250 ## - STREFA WYDANIA
Oznaczenie wydania wg stanu bazy CEN na dzień 30 marca 2001 r.
260 ## - STREFA ADRESU WYDAWNICZEGO
Miejsce wydania Warszawa :
Nazwa wydawcy/dystrybutora Biuro PKN,
Data publikacji, dystrybucji/powstania dokumentu cop. 2001.
300 ## - STREFA OPISU FIZYCZNEGO
Objętość 1 dysk optyczny (CD-ROM).
490 1# - STREFA SERII I DOKUMENTU WIELOCZĘŚCIOWEGO - FORMA NIE DO WYSZUKIWANIA
Tytuł i oznaczenie odpowiedzialności serii Polskie normy zharmonizowane z dyrektywami nowego podejścia Wspólnot Europejskich
500 ## - UWAGI OGÓLNE
Tekst uwagi Wymagania systemowe: komputer zgodny z IBM PC z procesorem 486 lub Pentium; 10 MB RAM(zalecane 16 MB)-dla Windows 95 i 98, 16 MB RAM (zalecane 24 MB)-dla Windows NT, min. 10 MB wolnego miejsca na dysku twardym ; Windows 95, Windows 98 lub Windows 98 lub Windows NT 4.0 z Service Pack 3 lub późn.; program Acrobat Reader 4.05.
500 ## - UWAGI OGÓLNE
Tekst uwagi Dysk tylko do odczytu.
650 #9 - HASŁO PRZEDMIOTOWE W FORMIE NAZWY OGÓLNEJ LUB JEDNOSTKOWEJ
Nazwa ogólna lub geograficzna Maszyny
Określnik ogólny bezpieczeństwo
-- normalizacja
Określnik geograficzny Polska
700 1# - HASŁO DODATKOWE - NAZWA OSOBOWA
Nazwa osobowa DOBOSZ, Jarosław.
Określenie związku między hasłem a opisywanym materiałem Oprac.
700 1# - HASŁO DODATKOWE - NAZWA OSOBOWA
Nazwa osobowa ROMAŃSKI, Stanisław.
Określenie związku między hasłem a opisywanym materiałem Oprac.
710 #0 - HASŁO DODATKOWE - NAZWA CIAŁA ZBIOROWEGO
Nazwa ciała zbiorowego lub jednostki geograficznej Polski Komitet Normalizacyjny
830 ## - HASŁO DODATKOWE SERII LUB DOKUMENTU WIELOCZĘŚCIOWEGO - TYTUŁ UJEDNOLICONY
Tytuł ujednolicony Polskie normy zharmonizowane z dyrektywami nowego podejścia Wspólnot Europejskich
856 ## - LOKALIZACJA I DOSTĘP DO ELEKTRONICZNYCH DOKUMENTÓW ZDALNYCH
Link (URL) http://koha.tu.koszalin.pl/cgi-bin/koha/opac-detail.pl?biblionumber=24017
Tekst linku Katalog online BPK
942 ## - DODATKOWE ELEMENTY (KOHA)
Typ dokumentu Płyta CD
Egzemplarze
Wycofany Status egzemplarza Uszkodzony Dostępność Lokalizacja stała Lokalizacja bieżąca Miejsce przechowywania Sygnatura Kod kreskowy Dział Typ dokumentu
      Tylko na miejscu Biblioteka Politechniki Koszalińskiej Biblioteka Politechniki Koszalińskiej Czytelnia BG CD 1127 01672848 621 Ogólna budowa maszyn Płyta CD
© 2023 Biblioteka Politechniki Koszalińskiej :: KOHA